LEADER 00875nam0 2200277 450 001 000002291 005 20090513142027.0 010 $a0-13-300625-5 100 $a20001218d1994----km-y0itay50------ba 101 0 $aeng 102 $aUS 200 1 $aCommunication systems engineering$fJohn G. Proakis, Masoud Salehi 210 $aEnglewood Cliffs$cPrentice-Hall International$d1994c 215 $aXIX, 889 p.$d24 cm 305 $aEdizione internazionale 451 0$1001000025733 610 1 $aTeoria dei segnali 610 1 $aTelecomunicazioni 676 $a621.382$v21$9INGEGNERIA DELLE COMUNICAZIONI 700 1$aProakis,$bJohn G.$03995 701 1$aSalehi,$bMasoud$027775 801 0$aIT$bUNIPARTHENOPE$gRICA$2UNIMARC 912 $a000002291 951 $cPIST$aP1 621-C/18$b33511$d20001219 996 $aCommunication systems engineering$943206 997 $aUNIPARTHENOPE